[Event "GBR-ch 91st"]
[Site "Scarborough"]
[Date "2004.08.07"]
[Round "6.16"]
[White "Tan, Desmond"]
[Black "Westwood, Richard"]
[Result "1-0"]
[WhiteElo "2335"]
[BlackElo "2030"]
[PlyCount "81"]
[EventDate "2004.08.02"]
[EventType "swiss"]
[EventRounds "11"]
[EventCountry "GBR"]

1. e4 c6 2. d4 d5 3. Nd2 dxe4 4. Nxe4 Nd7 5. Bc4 Ndf6 6. Ng5 e6 7. c3 h6 8.
N5f3 Bd6 9. Qe2 Ne7 10. Ne5 Ned5 11. Ngf3 Qc7 12. Bb3 b6 13. O-O O-O 14. a3 c5
15. dxc5 bxc5 16. Re1 a5 17. h3 Bxe5 18. Nxe5 Ba6 19. c4 Ne7 20. Bc2 Nc6 21.
Nxc6 Qxc6 22. Bd2 Bb7 23. f3 Rfd8 24. Bc3 Nd7 25. Rad1 Qc7 26. Rd2 Nf8 27. Red1
Rxd2 28. Qxd2 Ba6 29. Bxa5 Qa7 30. Be4 Rb8 31. Bd3 Nd7 32. Bc3 Nb6 33. Bc2 Qc7
34. b3 Bb7 35. Qd3 g6 36. Bb2 e5 37. Qe3 Re8 38. Qxh6 Qc8 39. Bxg6 Qe6 40. Bh7+
Kh8 41. Bxe5+ 1-0

[Event "GBR-ch 91st"]
[Site "Scarborough"]
[Date "2004.08.07"]
[Round "6.17"]
[White "Rendle, Thomas"]
[Black "Howell, David W"]
[Result "1/2-1/2"]
[WhiteElo "2258"]
[BlackElo "2334"]
[PlyCount "63"]
[EventDate "2004.08.02"]
[EventType "swiss"]
[EventRounds "11"]
[EventCountry "GBR"]

1. f4 d5 2. g3 g6 3. Nf3 Bg7 4. Bg2 c6 5. d3 Qb6 6. Nc3 Nd7 7. e4 dxe4 8. dxe4
e5 9. Nd2 exf4 10. Nc4 Qc5 11. Nd6+ Ke7 12. Nxc8+ Rxc8 13. gxf4 Nh6 14. Bd2 Nb6
15. e5 Nc4 16. Ne4 Qb6 17. Qe2 Nxd2 18. Qxd2 Rcd8 19. Nd6 Nf5 20. O-O-O Nxd6
21. exd6+ Kd7 22. c3 Rhe8 23. Rhe1 f5 24. Kb1 Bf6 25. Re2 Rxe2 26. Qxe2 Re8 27.
Qc4 Re6 28. a3 Qf2 29. Qb3 Qb6 30. Qc4 Qa6 31. Qb4 Qb6 32. Qc4 1/2-1/2

[Event "GBR-ch 91st"]
[Site "Scarborough"]
[Date "2004.08.07"]
[Round "6.18"]
[White "Lyell, Mark"]
[Black "Taylor, Martin R"]
[Result "0-1"]
[WhiteElo "2217"]
[BlackElo "2331"]
[PlyCount "66"]
[EventDate "2004.08.02"]
[EventType "swiss"]
[EventRounds "11"]
[EventCountry "GBR"]

1. e4 e5 2. Nf3 Nc6 3. d4 exd4 4. Nxd4 Nf6 5. Nxc6 bxc6 6. e5 Qe7 7. Qe2 Nd5 8.
c4 Nb6 9. Nd2 d6 10. exd6 cxd6 11. Ne4 Be6 12. Bf4 Rd8 13. O-O-O d5 14. cxd5
Nxd5 15. Be5 Bf5 16. Nc3 f6 17. Bd4 Nxc3 18. Bxc3 Rxd1+ 19. Qxd1 Qe4 20. Qb3
Bd6 21. Bc4 Qb1+ 22. Kd2 Qxh1 23. Bf7+ Kf8 24. Bh5 Bg6 25. Bxg6 hxg6 26. Qe6
Qxh2 27. Kc2 Be7 28. Qxc6 Qd6 29. Qa8+ Qd8 30. Qxa7 Rh1 31. Kb3 Qd1+ 32. Kc4
Rh4+ 33. Kb5 Qd5+ 0-1

[Event "GBR-ch 91st"]
[Site "Scarborough"]
[Date "2004.08.07"]
[Round "6.20"]
[White "Lee, Graham D"]
[Black "Adams, David M"]
[Result "0-1"]
[WhiteElo "2316"]
[BlackElo "2180"]
[PlyCount "86"]
[EventDate "2004.08.02"]
[EventType "swiss"]
[EventRounds "11"]
[EventCountry "GBR"]

1. e4 e5 2. Nf3 Nf6 3. d4 Nxe4 4. Bd3 d5 5. Nxe5 Nd7 6. Nxd7 Bxd7 7. O-O Qh4 8.
c4 O-O-O 9. cxd5 Nf6 10. Nc3 Bd6 11. f4 Rde8 12. Qf3 g5 13. Qg3 Qxg3 14. hxg3
g4 15. Bd2 Bb4 16. Rae1 h5 17. Re5 h4 18. gxh4 Rxh4 19. Rxe8+ Bxe8 20. g3 Rh3
21. Kg2 Bd7 22. Rf2 Bxc3 23. bxc3 Nh5 24. Bf1 Nxg3 25. Be1 Bf5 26. Rd2 Be4+ 27.
Kf2 Nxf1 28. Kxf1 Rh1+ 29. Ke2 Rh2+ 30. Ke3 Rxd2 31. Kxd2 Bxd5 32. a3 Kd7 33.
Kd3 b5 34. Bh4 Ke6 35. Ke3 Bc4 36. Bd8 c6 37. Bh4 Bd5 38. Be1 Bg2 39. Kf2 Be4
40. Ke3 Kd5 41. Bh4 Bh1 42. Be7 f5 43. Bc5 a6 0-1

[Event "GBR-ch 91st"]
[Site "Scarborough"]
[Date "2004.08.07"]
[Round "6.21"]
[White "Hutchinson, Norman A"]
[Black "Ashton, Adam"]
[Result "1/2-1/2"]
[WhiteElo "2176"]
[BlackElo "2270"]
[PlyCount "38"]
[EventDate "2004.08.02"]
[EventType "swiss"]
[EventRounds "11"]
[EventCountry "GBR"]

1. e4 e5 2. Nf3 Nc6 3. Bb5 a6 4. Ba4 Nf6 5. O-O Be7 6. Bxc6 dxc6 7. d3 Nd7 8.
b3 O-O 9. Bb2 f6 10. Nbd2 Nc5 11. d4 exd4 12. Nxd4 Bd6 13. Re1 Qe8 14. Nc4 Qg6
15. Nxd6 cxd6 16. f3 Bh3 17. Qd2 Rad8 18. Qf2 Bc8 19. Ba3 Rfe8 1/2-1/2

[Event "GBR-ch 91st"]
[Site "Scarborough"]
[Date "2004.08.07"]
[Round "6.23"]
[White "Sisask, Jesper"]
[Black "Spence, David J"]
[Result "1-0"]
[WhiteElo "2057"]
[BlackElo "2236"]
[PlyCount "119"]
[EventDate "2004.08.02"]
[EventType "swiss"]
[EventRounds "11"]
[EventCountry "GBR"]

1. d4 e6 2. c4 Nf6 3. Nc3 Bb4 4. Qc2 O-O 5. a3 Bxc3+ 6. Qxc3 b6 7. Bg5 Bb7 8.
e3 h6 9. Bh4 d6 10. Ne2 Nbd7 11. Qd3 c5 12. Nc3 a6 13. f3 d5 14. cxd5 exd5 15.
Be2 Re8 16. O-O Qe7 17. Bf2 Rac8 18. Bd1 Red8 19. Bc2 Nf8 20. Rae1 Ng6 21. Bb1
Qd7 22. Qd1 Nf8 23. Na4 Qc6 24. Bh4 Ng6 25. Bg3 c4 26. e4 a5 27. e5 Nh5 28. f4
Nxg3 29. hxg3 Nf8 30. f5 Ba6 31. Rf4 Bb5 32. Nc3 Ba6 33. f6 Ne6 34. Qc2 g6 35.
Rh4 Kf8 36. Rxh6 Ke8 37. Qd2 Rc7 38. Rh7 Nf8 39. Rh8 Kd7 40. Qh6 Rcc8 41. Bc2
Kc7 42. Bd1 Ne6 43. Rxd8 Rxd8 44. Qd2 b5 45. Bf3 b4 46. axb4 axb4 47. Na2 b3
48. Nc3 Bb7 49. Ra1 Qb6 50. Ne2 Ra8 51. Rxa8 Bxa8 52. Bg4 Nd8 53. Kf2 Nc6 54.
e6 fxe6 55. f7 Qb8 56. Qh6 c3 57. f8=Q Qb5 58. Qhg7+ Kb6 59. Nxc3 Qd3 60. Qc5+
1-0

[Event "GBR-ch 91st"]
[Site "Scarborough"]
[Date "2004.08.07"]
[Round "6.24"]
[White "Mycroft, Richard"]
[Black "Hutchinson, Paul A"]
[Result "1/2-1/2"]
[WhiteElo "2110"]
[BlackElo "2216"]
[PlyCount "101"]
[EventDate "2004.08.02"]
[EventType "swiss"]
[EventRounds "11"]
[EventCountry "GBR"]

1. e4 c6 2. d4 d5 3. e5 Bf5 4. Ne2 e6 5. Ng3 Bg6 6. h4 f6 7. h5 Bf7 8. f4 Nd7
9. b4 Bxb4+ 10. c3 Bf8 11. Bd3 Nh6 12. O-O f5 13. a4 g6 14. Be2 Rg8 15. Kf2
gxh5 16. Rh1 h4 17. Nf1 Ng4+ 18. Kg1 Be7 19. Nh2 h5 20. Nf3 Rc8 21. Ng5 Rxg5
22. fxg5 Ndxe5 23. Nd2 Bxg5 24. Nf3 Nxf3+ 25. gxf3 Ne3 26. Qd3 f4 27. Ba3 Nf5
28. Qb1 Rc7 29. Bd3 Bg6 30. Kf2 h3 31. Rxh3 Bh4+ 32. Ke2 Qg5 33. Bxf5 Bxf5 34.
Qh1 Bxh3 35. Qxh3 Kf7 36. Rh1 Bg3 37. Bd6 Rc8 38. Rb1 b6 39. Kd2 Qf5 40. Qf1
Rd8 41. Be5 h4 42. Qa6 Qxb1 43. Qb7+ Ke8 44. Qxc6+ Kf8 45. Qxe6 Qa2+ 46. Kd3
Qb1+ 47. Kd2 Qh7 48. Qf6+ Ke8 49. Qe6+ Qe7 50. Qg8+ Qf8 51. Qe6+ 1/2-1/2

[Event "GBR-ch 91st"]
[Site "Scarborough"]
[Date "2004.08.07"]
[Round "6.25"]
[White "Surtees, Michael"]
[Black "Nixon, Thomas"]
[Result "0-1"]
[WhiteElo "2239"]
[BlackElo "2198"]
[PlyCount "100"]
[EventDate "2004.08.02"]
[EventType "swiss"]
[EventRounds "11"]
[EventCountry "GBR"]

1. e4 e5 2. a3 Nf6 3. d3 d5 4. f4 exf4 5. Bxf4 dxe4 6. Nc3 exd3 7. Bxd3 Bd6 8.
Qd2 Bg4 9. Nge2 Nc6 10. O-O O-O 11. Kh1 Ne5 12. Bg5 Be7 13. Nf4 Nxd3 14. Nxd3
Nd5 15. Bxe7 Nxe7 16. Rae1 Ng6 17. Qf2 b6 18. h3 Bc8 19. Qf3 Rb8 20. Nd5 Bb7
21. c4 Qd6 22. Re3 Ba8 23. a4 Rbd8 24. Rc1 c5 25. N3f4 Nxf4 26. Qxf4 Bxd5 27.
Qxd6 Bxg2+ 28. Kxg2 Rxd6 29. Rce1 Rd2+ 30. R1e2 Rxe2+ 31. Rxe2 a5 32. Re7 f5
33. h4 Rf6 34. Rb7 Rd6 35. Kf3 g6 36. Kf4 Re6 37. Kg5 h6+ 38. Kxh6 f4 39. Rd7
f3 40. Rd1 Rf6 41. Rf1 f2 42. Kg5 Kg7 43. b3 Rf5+ 44. Kg4 Kh6 45. Kg3 Kh5 46.
Kg2 Kxh4 47. Rh1+ Kg4 48. Kf1 Kg3 49. Rh6 Rf6 50. Rh8 Re6 0-1

[Event "GBR-ch 91st"]
[Site "Scarborough"]
[Date "2004.08.07"]
[Round "6.26"]
[White "Snape, Ian"]
[Black "Almond, Philip"]
[Result "1-0"]
[WhiteElo "2228"]
[BlackElo "2131"]
[PlyCount "69"]
[EventDate "2004.08.02"]
[EventType "swiss"]
[EventRounds "11"]
[EventCountry "GBR"]

1. c4 Nf6 2. Nc3 e6 3. e4 c5 4. e5 Ng8 5. Nf3 Nc6 6. d4 cxd4 7. Nxd4 Nxe5 8.
Ndb5 a6 9. Nd6+ Bxd6 10. Qxd6 f6 11. Be3 Ne7 12. Bb6 Nf5 13. Qc5 d6 14. Qa5 Qe7
15. f4 Nc6 16. Qa3 O-O 17. O-O-O Re8 18. Bd3 Nh6 19. Rhe1 Rb8 20. Bc2 Nf7 21.
c5 d5 22. Nxd5 Qf8 23. Qd3 f5 24. Qe3 e5 25. Qg3 Kh8 26. fxe5 Be6 27. Nc7 Re7
28. Nxe6 Rxe6 29. Bc7 Rc8 30. Bd6 Nxd6 31. exd6 Rg6 32. Qf2 Rf6 33. Kb1 f4 34.
Be4 b6 35. Bxc6 1-0

[Event "GBR-ch 91st"]
[Site "Scarborough"]
[Date "2004.08.07"]
[Round "6.27"]
[White "Briscoe, Christopher"]
[Black "Burrows, Martin"]
[Result "1/2-1/2"]
[WhiteElo "2157"]
[BlackElo "2226"]
[PlyCount "91"]
[EventDate "2004.08.02"]
[EventType "swiss"]
[EventRounds "11"]
[EventCountry "GBR"]

1. e4 c5 2. Nf3 d6 3. Bb5+ Nd7 4. O-O Ngf6 5. Re1 a6 6. Bd3 e5 7. c3 Be7 8. Bc2
O-O 9. d3 b5 10. Nbd2 Bb7 11. Nf1 Re8 12. Ng3 Qc7 13. d4 Bf8 14. d5 c4 15. Nf5
h6 16. h4 Nc5 17. Nh2 Bc8 18. Ng4 Nxg4 19. Qxg4 Kh8 20. h5 Nd7 21. a4 Nf6 22.
Qf3 Bxf5 23. Qxf5 Qc8 24. Qf3 Qg4 25. Qxg4 Nxg4 26. f3 Nf6 27. g4 Reb8 28. axb5
axb5 29. Be3 Be7 30. Reb1 Nd7 31. Ba7 Rb7 32. Bf2 Rxa1 33. Rxa1 Bg5 34. Kf1 Kg8
35. Ra6 Be7 36. Ke2 Kf8 37. Ra8+ Rb8 38. Ra7 Ke8 39. b3 cxb3 40. Bxb3 Kd8 41.
Ra6 Kc7 42. Ra7+ Rb7 43. Ra8 Rb8 44. Ra7+ Rb7 45. Ra8 Rb8 46. Ra7+ 1/2-1/2

[Event "GBR-ch 91st"]
[Site "Scarborough"]
[Date "2004.08.07"]
[Round "6.28"]
[White "Walton, Alan J"]
[Black "Bryant, Richard"]
[Result "1-0"]
[WhiteElo "2208"]
[BlackElo "1872"]
[PlyCount "61"]
[EventDate "2004.08.02"]
[EventType "swiss"]
[EventRounds "11"]
[EventCountry "GBR"]

1. d4 d5 2. Bg5 h6 3. Bh4 c6 4. e3 Qb6 5. Qc1 Bf5 6. Bd3 Bxd3 7. cxd3 e6 8. Nc3
Be7 9. Bxe7 Nxe7 10. Nf3 Nd7 11. O-O O-O 12. a3 Ng6 13. b4 Qd8 14. Na4 Qe7 15.
Nc5 Nf6 16. Qb2 Rfc8 17. Rfc1 b6 18. Nb3 Rab8 19. Rc2 Qb7 20. Rac1 Nd7 21. h3
Ne7 22. a4 a5 23. Qa3 axb4 24. Qxb4 Ng6 25. Qd6 c5 26. dxc5 Rc6 27. Qg3 bxc5
28. Na5 Qc7 29. Nxc6 Qxc6 30. Rxc5 Qxc5 31. Qxb8+ 1-0

[Event "GBR-ch 91st"]
[Site "Scarborough"]
[Date "2004.08.07"]
[Round "6.29"]
[White "Ledger, Stephen C"]
[Black "Clarke, Thomas"]
[Result "0-1"]
[WhiteElo "2203"]
[BlackElo "2132"]
[PlyCount "120"]
[EventDate "2004.08.02"]
[EventType "swiss"]
[EventRounds "11"]
[EventCountry "GBR"]

1. d4 d6 2. Nf3 Bg4 3. Bf4 Bxf3 4. exf3 g6 5. c3 Bg7 6. Bc4 e6 7. O-O Nf6 8.
Nd2 O-O 9. Qb3 b6 10. Rad1 Nc6 11. Qc2 Nh5 12. Bg3 d5 13. Bb5 Ne7 14. Rfe1 c6
15. Bd3 a5 16. h3 Nxg3 17. fxg3 Qd6 18. f4 c5 19. dxc5 bxc5 20. Nf3 Qb6 21. Qf2
Rfb8 22. Rd2 a4 23. a3 c4 24. Qxb6 Rxb6 25. Bf1 Rab8 26. Ree2 Nf5 27. Kh2 Nd6
28. Ne5 Bxe5 29. fxe5 Ne4 30. Rc2 h5 31. h4 Kg7 32. Kh3 g5 33. hxg5 Nxg5+ 34.
Kh4 Ne4 35. g4 hxg4 36. Kxg4 f5+ 37. exf6+ Nxf6+ 38. Kf4 Rf8 39. Re1 e5+ 40.
Ke3 Ng4+ 41. Kd2 Rbf6 42. Be2 Rf2 43. Rcc1 Rxg2 44. Rg1 Rff2 45. Rxg2 Rxg2 46.
Rf1 Nf6 47. Ke3 Kg6 48. Rf2 Rxf2 49. Kxf2 Kf5 50. Ke3 Nd7 51. Bd1 Nc5 52. Bc2+
Ke6 53. Bg6 Ke7 54. Bc2 Kd6 55. Bg6 Nd3 56. Be8 Nxb2 57. Kd2 e4 58. Kc2 e3 59.
Bh5 Nd3 60. Be8 e2 0-1

[Event "GBR-ch 91st"]
[Site "Scarborough"]
[Date "2004.08.07"]
[Round "6.30"]
[White "Hempson, Peter"]
[Black "Gregory, Stephen J"]
[Result "0-1"]
[WhiteElo "2172"]
[BlackElo "2180"]
[PlyCount "60"]
[EventDate "2004.08.02"]
[EventType "swiss"]
[EventRounds "11"]
[EventCountry "GBR"]

1. c4 Nf6 2. Nf3 d6 3. g3 g6 4. Bg2 Bg7 5. Nc3 O-O 6. O-O e5 7. d4 exd4 8. Nxd4
Re8 9. Bg5 h6 10. Bxf6 Qxf6 11. e3 a6 12. Qd2 Nd7 13. Nd5 Qd8 14. Rad1 c6 15.
Nc3 Ne5 16. b3 Bf8 17. h3 c5 18. Nc2 Bxh3 19. f4 Bxg2 20. Qxg2 Ng4 21. Qf3 f5
22. e4 Qf6 23. Rfe1 h5 24. e5 dxe5 25. Nd5 Qf7 26. fxe5 Rxe5 27. Rxe5 Nxe5 28.
Qe3 Ng4 29. Qg5 Re8 30. Nce3 Bh6 0-1

[Event "GBR-ch 91st"]
[Site "Scarborough"]
[Date "2004.08.07"]
[Round "6.31"]
[White "Smith, Graham"]
[Black "Kafka, Graeme"]
[Result "1/2-1/2"]
[WhiteElo "2157"]
[BlackElo "2143"]
[PlyCount "43"]
[EventDate "2004.08.02"]
[EventType "swiss"]
[EventRounds "11"]
[EventCountry "GBR"]

1. e4 c5 2. Nf3 d6 3. d4 cxd4 4. Qxd4 a6 5. Be3 Nc6 6. Qd2 Nf6 7. Nc3 Bg4 8.
Nd4 g6 9. h3 Bd7 10. Be2 Bg7 11. O-O O-O 12. f4 Rc8 13. Bf3 Na5 14. b3 Nc6 15.
Rad1 Nxd4 16. Bxd4 Bc6 17. Nd5 Nxd5 18. exd5 Bd7 19. Bxg7 Kxg7 20. Qd4+ Kg8 21.
c4 Qa5 22. Rf2 1/2-1/2

[Event "GBR-ch 91st"]
[Site "Scarborough"]
[Date "2004.08.09"]
[Round "7.2"]
[White "Williams, Simon K"]
[Black "Wells, Peter"]
[Result "0-1"]
[WhiteElo "2427"]
[BlackElo "2494"]
[PlyCount "56"]
[EventDate "2004.08.02"]
[EventType "swiss"]
[EventRounds "11"]
[EventCountry "GBR"]

1. d4 Nf6 2. c4 e6 3. Nf3 d5 4. Nc3 dxc4 5. e4 Bb4 6. Bg5 c5 7. e5 cxd4 8. Qa4+
Nc6 9. O-O-O Bd7 10. Ne4 Be7 11. exf6 gxf6 12. Bh4 Rc8 13. Kb1 Na5 14. Qc2 e5
15. Nxd4 exd4 16. Rxd4 Qb6 17. Nxf6+ Bxf6 18. Qe4+ Kf8 19. Bxf6 Qxf6 20. Rxd7
Re8 21. Qd4 Re1+ 22. Kc2 Kg7 23. Qxf6+ Kxf6 24. g3 Nc6 25. Rxf7+ Kxf7 26. Bxc4+
Re6 27. Re1 Nd4+ 28. Kc3 Rc8 0-1

[Event "GBR-ch 91st"]
[Site "Scarborough"]
[Date "2004.08.09"]
[Round "7.3"]
[White "Arakhamia-Grant, Ketevan"]
[Black "Motwani, Paul"]
[Result "1-0"]
[WhiteElo "2446"]
[BlackElo "2552"]
[PlyCount "93"]
[EventDate "2004.08.02"]
[EventType "swiss"]
[EventRounds "11"]
[EventCountry "GBR"]

1. e4 e5 2. Nf3 Nc6 3. Bc4 Bc5 4. O-O Nf6 5. d3 d6 6. c3 a6 7. a4 O-O 8. Bg5 h6
9. Bh4 g5 10. Bg3 Bg4 11. h3 Bh5 12. Nbd2 Ba7 13. a5 Qd7 14. Qb3 Kh7 15. Nh2
Bg6 16. Kh1 Ne7 17. Ndf3 c6 18. Qd1 Nh5 19. h4 f6 20. d4 Rad8 21. dxe5 dxe5 22.
Qe2 Nc8 23. Rad1 Qe7 24. Ng4 Rxd1 25. Rxd1 Nd6 26. Bd3 Nxg3+ 27. fxg3 h5 28.
Ne3 g4 29. Nd2 Rd8 30. Rf1 Kg7 31. Bc2 Qc7 32. Nec4 Bf7 33. Bb3 Nxc4 34. Nxc4
Rd7 35. Kh2 Qd8 36. Bc2 Be6 37. Bb1 Bxc4 38. Qxc4 Rd1 39. Ba2 Rxf1 40. Qxf1 Qd7
41. Qc4 Qe8 42. Qb3 Bf2 43. Qxb7+ Kg6 44. Qxa6 Qd7 45. Qc4 Kh6 46. Qg8 Qd2 47.
Qf8+ 1-0

[Event "GBR-ch 91st"]
[Site "Scarborough"]
[Date "2004.08.09"]
[Round "7.4"]
[White "Hanley, Craig A"]
[Black "Ward, Chris"]
[Result "1-0"]
[WhiteElo "2356"]
[BlackElo "2490"]
[PlyCount "97"]
[EventDate "2004.08.02"]
[EventType "swiss"]
[EventRounds "11"]
[EventCountry "GBR"]

1. e4 c5 2. Nc3 Nc6 3. g3 g6 4. Bg2 Bg7 5. d3 d6 6. Be3 Rb8 7. Qd2 b5 8. a3 Nd4
9. f4 a5 10. Nd1 b4 11. axb4 axb4 12. Nf3 b3 13. Bxd4 cxd4 14. e5 Qb6 15. c3
dxc3 16. Nxc3 Bb7 17. Na4 Qd8 18. Nd4 dxe5 19. Nc6 Qc7 20. Nxb8 exf4 21. gxf4
Nf6 22. Nc6 Bxc6 23. Rc1 O-O 24. Rxc6 Qa7 25. Nb6 Rb8 26. Nc4 Nh5 27. Bf3 Nf6
28. Qf2 Qa1+ 29. Ke2 Qa2 30. Rc7 Qa6 31. Re1 Rd8 32. Qb6 Qa4 33. Ra7 Qe8 34.
Qxd8 Qxd8 35. Ra8 Qxa8 36. Bxa8 Nh5 37. Kf3 e6 38. Ra1 Bh6 39. f5 exf5 40. Ra7
Nf6 41. h4 Bf8 42. Ne5 Bc5 43. Rb7 Bd4 44. Nxf7 Bxb2 45. Rxb3 Bd4 46. Ng5 Nd7
47. Bd5+ Kh8 48. Rb7 Nf6 49. Bc4 1-0

[Event "GBR-ch 91st"]
[Site "Scarborough"]
[Date "2004.08.09"]
[Round "7.5"]
[White "Summerscale, Aaron"]
[Black "Houska, Jovanka"]
[Result "0-1"]
[WhiteElo "2493"]
[BlackElo "2375"]
[PlyCount "84"]
[EventDate "2004.08.02"]
[EventType "swiss"]
[EventRounds "11"]
[EventCountry "GBR"]

1. d4 d5 2. c4 c6 3. Nc3 Nf6 4. Bg5 Ne4 5. Nxe4 dxe4 6. Qd2 g6 7. f3 Bg7 8.
O-O-O c5 9. Bh6 Bxh6 10. Qxh6 cxd4 11. Qg7 Rf8 12. Qxd4 Qa5 13. a3 exf3 14.
gxf3 Nc6 15. Qd2 Qxd2+ 16. Kxd2 Be6 17. Kc3 Ne5 18. b3 Rc8 19. Kb2 f6 20. Nh3
g5 21. Nf2 Kf7 22. Bh3 Rfd8 23. Kc3 h5 24. Bxe6+ Kxe6 25. Ne4 b6 26. Rd4 g4 27.
f4 Rxd4 28. Kxd4 Nc6+ 29. Ke3 Na5 30. Nd2 b5 31. Rc1 bxc4 32. bxc4 f5 33. Rc3
h4 34. Kd4 Rd8+ 35. Ke3 Rc8 36. Kf2 Rd8 37. Ke3 h3 38. Nf1 Rd1 39. Kf2 Rd4 40.
c5 Rxf4+ 41. Kg1 Rc4 42. Re3+ Kf6 0-1

[Event "GBR-ch 91st"]
[Site "Scarborough"]
[Date "2004.08.09"]
[Round "7.7"]
[White "Dearing, Eddie"]
[Black "Greet, Andrew"]
[Result "0-1"]
[WhiteElo "2393"]
[BlackElo "2310"]
[PlyCount "86"]
[EventDate "2004.08.02"]
[EventType "swiss"]
[EventRounds "11"]
[EventCountry "GBR"]

1. Nf3 Nf6 2. c4 e6 3. Nc3 c5 4. g3 b6 5. Bg2 Bb7 6. O-O Be7 7. Re1 Ne4 8. d4
Nxc3 9. bxc3 d6 10. d5 e5 11. e4 Nd7 12. Nd2 Bf6 13. a4 a5 14. Qb3 Ba6 15. Bh3
Rb8 16. Nf1 Qe7 17. Ra2 g6 18. f4 h5 19. Rf2 h4 20. Kg2 hxg3 21. Nxg3 Rxh3 22.
Kxh3 exf4 23. Bxf4 Be5 24. Qd1 Bxc4 25. Qd2 Bxf4 26. Rxf4 Ne5 27. Rb1 Qd7+ 28.
Kg2 Qxa4 29. Rf6 Kd7 30. Qf2 Kc7 31. Rxd6 Kxd6 32. Qf6+ Kd7 33. Qxe5 Re8 34.
Qf6 Qc2+ 35. Kh3 Qxb1 36. Qc6+ Ke7 37. d6+ Kf8 38. d7 Be6+ 39. Kh4 g5+ 40. Kh5
Qd1+ 41. Kh6 Qxd7 42. Qxb6 f6 43. Nh5 Kf7 0-1

[Event "GBR-ch 91st"]
[Site "Scarborough"]
[Date "2004.08.09"]
[Round "7.9"]
[White "Emms, John"]
[Black "Muir, Andrew J"]
[Result "1-0"]
[WhiteElo "2508"]
[BlackElo "2328"]
[PlyCount "92"]
[EventDate "2004.08.02"]
[EventType "swiss"]
[EventRounds "11"]
[EventCountry "GBR"]

1. e4 c5 2. Nf3 Nc6 3. c3 d5 4. exd5 Qxd5 5. d4 Nf6 6. Be2 cxd4 7. cxd4 e6 8.
O-O Be7 9. Nc3 Qd6 10. Nb5 Qd8 11. Bf4 Nd5 12. Bg3 a6 13. Nc3 O-O 14. Rc1 Nf6
15. a3 b6 16. Bc4 Bb7 17. Ba2 Nh5 18. d5 exd5 19. Nxd5 Nxg3 20. hxg3 Bf6 21.
Re1 Rc8 22. Nxf6+ Qxf6 23. Qd7 Na5 24. Rxc8 Bxc8 25. Qc7 Qc6 26. Qf4 Qf6 27.
Ng5 Qxf4 28. gxf4 Nc6 29. Nxf7 Nd4 30. Re7 b5 31. b4 h5 32. Ng5+ Kh8 33. Bf7 h4
34. Bg6 Nc6 35. Rc7 Nd4 36. g3 hxg3 37. fxg3 Bf5 38. Bxf5 Nxf5 39. Kf2 Re8 40.
Rc6 Nd4 41. Rxa6 Kg8 42. g4 Re2+ 43. Kf1 Re8 44. f5 Kf8 45. Kf2 Re2+ 46. Kg3
Nc2 1-0

[Event "GBR-ch 91st"]
[Site "Scarborough"]
[Date "2004.08.09"]
[Round "7.10"]
[White "Ledger, Andrew J"]
[Black "Mannion, Stephen"]
[Result "1/2-1/2"]
[WhiteElo "2452"]
[BlackElo "2333"]
[PlyCount "55"]
[EventDate "2004.08.02"]
[EventType "swiss"]
[EventRounds "11"]
[EventCountry "GBR"]

1. e4 e5 2. Nf3 Nc6 3. Bb5 Bc5 4. O-O Nf6 5. d3 Nd4 6. Nxd4 Bxd4 7. Nc3 O-O 8.
Ba4 d6 9. h3 c6 10. Ne2 Bb6 11. Ng3 Be6 12. Qf3 Qd7 13. Bb3 Kh8 14. Bg5 Ng8 15.
Be3 Ne7 16. Bxb6 axb6 17. Qe3 c5 18. f4 f6 19. Ne2 Nc6 20. Bxe6 Qxe6 21. f5 Qf7
22. Nc3 Nb4 23. Qd2 Nxa2 24. Nd5 Nb4 25. Nxb6 Rxa1 26. Rxa1 Qc7 27. Nc4 d5 28.
Ne3 1/2-1/2

[Event "GBR-ch 91st"]
[Site "Scarborough"]
[Date "2004.08.09"]
[Round "7.12"]
[White "Quinn, Mark"]
[Black "Bigg, Andrew J"]
[Result "1-0"]
[WhiteElo "2406"]
[BlackElo "2275"]
[PlyCount "45"]
[EventDate "2004.08.02"]
[EventType "swiss"]
[EventRounds "11"]
[EventCountry "GBR"]

1. d4 e6 2. c4 b6 3. Nc3 Bb4 4. e3 Bb7 5. Nge2 f5 6. a3 Bxc3+ 7. Nxc3 Nf6 8. f3
O-O 9. Qc2 Nc6 10. Be2 Qe8 11. O-O a6 12. b4 Ne7 13. Bb2 Qh5 14. Rad1 g5 15. d5
Ng6 16. dxe6 dxe6 17. c5 g4 18. cxb6 Nh4 19. e4 Rf7 20. fxg4 Nxg4 21. h3 Qh6
22. Bxg4 fxg4 23. Rxf7 1-0

[Event "GBR-ch 91st"]
[Site "Scarborough"]
[Date "2004.08.09"]
[Round "7.13"]
[White "Martyn, Rafe"]
[Black "Gordon, Stephen"]
[Result "0-1"]
[WhiteElo "2322"]
[BlackElo "2338"]
[PlyCount "106"]
[EventDate "2004.08.02"]
[EventType "swiss"]
[EventRounds "11"]
[EventCountry "GBR"]

1. d4 Nf6 2. c4 e6 3. g3 c5 4. d5 exd5 5. cxd5 d6 6. Nc3 g6 7. Bg2 Bg7 8. Nf3
O-O 9. O-O Re8 10. h3 a6 11. a4 Ne4 12. Nxe4 Rxe4 13. Nd2 Rb4 14. Qc2 Nd7 15.
Ra2 b5 16. axb5 Rxb5 17. Nc4 Qe7 18. Re1 Nb6 19. Na3 Rb4 20. Bd2 Bd7 21. Bxb4
cxb4 22. Nb1 Bb5 23. Nd2 a5 24. Raa1 a4 25. Rab1 Qa7 26. e3 b3 27. Nxb3 Rc8 28.
Qd1 axb3 29. Qxb3 Qa4 30. Qa3 Rc5 31. Rec1 Bc4 32. Qxa4 Nxa4 33. Bf1 Bxd5 34.
b4 Rxc1 35. Rxc1 Nc3 36. b5 Kf8 37. Bd3 Ke7 38. Kf1 Kd7 39. Ra1 Ba2 40. Ke1 Kc7
41. h4 Kb6 42. Kf1 Kc5 43. h5 Bf6 44. hxg6 hxg6 45. Ke1 d5 46. Kf1 Bd8 47. Kg2
Bb6 48. Rc1 Kb4 49. Rh1 Bc4 50. Bf1 Ne4 51. Rh8 Nd2 52. Bxc4 dxc4 53. Rb8 Kxb5
0-1

[Event "GBR-ch 91st"]
[Site "Scarborough"]
[Date "2004.08.09"]
[Round "7.14"]
[White "Sherwin, James"]
[Black "Tan, Desmond"]
[Result "1/2-1/2"]
[WhiteElo "2303"]
[BlackElo "2335"]
[PlyCount "38"]
[EventDate "2004.08.02"]
[EventType "swiss"]
[EventRounds "11"]
[EventCountry "GBR"]

1. d4 Nf6 2. Bg5 e6 3. e4 h6 4. Bxf6 Qxf6 5. Nc3 Bb4 6. Qd3 d5 7. e5 Qd8 8. a3
Be7 9. O-O-O c5 10. dxc5 Bxc5 11. f4 Nc6 12. Qg3 g6 13. Nf3 Bd7 14. Nb5 Ne7 15.
Nd6+ Bxd6 16. exd6 Nf5 17. Qe1 Bc6 18. g4 Nxd6 19. Bd3 Qd7 1/2-1/2

[Event "GBR-ch 91st"]
[Site "Scarborough"]
[Date "2004.08.09"]
[Round "7.15"]
[White "Haslinger, Stewart"]
[Black "Radovanovic, Jovica"]
[Result "1-0"]
[WhiteElo "2408"]
[BlackElo "2189"]
[PlyCount "101"]
[EventDate "2004.08.02"]
[EventType "swiss"]
[EventRounds "11"]
[EventCountry "GBR"]

1. e4 c5 2. Nf3 d6 3. d4 cxd4 4. Nxd4 Nf6 5. Nc3 Nc6 6. Bg5 e6 7. Qd2 a6 8.
O-O-O h6 9. Nxc6 bxc6 10. Bf4 d5 11. Qe3 Be7 12. Be2 O-O 13. h4 Ne8 14. Kb1 Qa5
15. exd5 Bc5 16. Qg3 cxd5 17. Bxh6 Ra7 18. Bd2 Bd6 19. Ne4 Bxg3 20. Bxa5 Bc7
21. Bxc7 Rxc7 22. Nd2 Nd6 23. Nb3 Ne4 24. Rhf1 Rd8 25. Bf3 Nd6 26. Rfe1 f5 27.
g4 Kf7 28. Nd4 Kf6 29. gxf5 Nxf5 30. Nxf5 Kxf5 31. Rg1 Kf6 32. h5 Rf8 33. Rde1
Rff7 34. c3 Rc4 35. Rg6+ Kf5 36. Reg1 Rcc7 37. R1g5+ Kf4 38. Bg4 a5 39. Kc2 a4
40. Bh3 Ra7 41. a3 Rfe7 42. Rg3 Ke5 43. Re3+ Kd6 44. f4 Kc5 45. Bxe6 Bxe6 46.
Rexe6 Rxe6 47. Rxe6 Rf7 48. Rg6 Rxf4 49. Rxg7 Rh4 50. Rb7 Rxh5 51. Rb4 1-0